000 00658nam a22001937a 4500
999 _c54787
_d54787
007 00
008 160629b xxu||||| |||| 00| 0 eng d
020 _a978-2-7135-3300-6
040 _aBUAC
_cBUC
041 _aFre.
100 _aPajetta, Jean - Paul
245 _aElectrotechnique Baccalauréat Professionnel ELEEC Tome 1 :
_bCourant continu, magnétisme, machines tournantes à courant continu
_c/ par Jean - Paul Pajetta
260 _aSaint Quentin en Yvelines :
_bCasteilla,
_c2011
300 _a136 p.
_c30 cm.
630 _aSCIENCES APPLIQUEES -TECHNIQUES
650 _aELECTROTECHNIQUE
651 _aElectronique : circuit
942 _cLIV
_2ddc